Statistics for Famous Prequel Movies

Click here to take the quiz!

General Stats

  • This quiz has been taken 213 times
  • The average score is 7 of 14

Answer Stats

OriginalPrequel% Correct
Monsters, Inc.Monsters University
79%
Despicable MeMinions
77%
Harry Potter and the Philosopher's StoneFantastic Beasts and Where to Find Them
65%
Raiders of the Lost ArkIndiana Jones and the Temple of Doom
62%
Star WarsRogue One: A Star Wars Story
57%
Dr. NoCasino Royale
55%
A Fistful of DollarsThe Good, the Bad, and the Ugly
48%
X-MenX-Men: First Class
47%
The Wizard of OzOz the Great and Powerful
46%
The Silence of the LambsRed Dragon
46%
AlienPrometheus
44%
The ConjuringAnnabelle
38%
Dumb and DumberDumb and Dumberer: When Harry Met Lloyd
34%
ClerksMallrats
22%

Score Distribution

Percentile by Number Answered

Percent of People with Each Score

Your Score History

You have not taken this quiz